Aylesford and Co (Estate Agents) Ltd v Al-Habtoor (Record no. 73970)

MARC details
000 -LEADER
fixed length control field 01770cam a2200217 4500
001 - CONTROL NUMBER
control field ABS67371
008 - FIXED-LENGTH DATA ELEMENTS--GENERAL INFORMATION
fixed length control field 031218n2003 000 0 eng u
035 ## - SYSTEM CONTROL NUMBER
System control number (Sirsi) u124645
245 ## - TITLE STATEMENT
Title Aylesford and Co (Estate Agents) Ltd v Al-Habtoor
260 ## - PUBLICATION, DISTRIBUTION, ETC.
Date of publication, distribution, etc. 2003
490 ## - SERIES STATEMENT
Series statement Estates Gazette
Volume/sequential designation [2003] 45 EG 174(CS)
520 ## - SUMMARY, ETC.
Summary, etc. [2003] EWHC 2451 (QB), 4 October 2003. Claim by estate agents (A) for outstanding fees allegedly owed by defendant (H) following the sale of a furnished residential property, in which H had a leasehold interest. A definitive letter of instruction was sent to H, providing for A to act as sole agent. A submitted that the letter was accompanied by a leaflet setting out its standard terms of business expressly as required by the Estate Agents Act 1979. H signed a pro forma endorsement at the foot of the letter but not the leaflet, which he claimed was not sent. A showed the property to the eventual purchasers. "Held": claim allowed. H was at all times aware of his liability to pay agents' fees. The letter had on the balance of probability been accompanied by the leaflet. The letter claimed such and H's signature had acknowledged it. The agency agreement persisted in line with A's standard terms of business at the date that the eventual purchasers, introduced by A during the period of their sole agency, were shown the property by A. A was entitled to remuneration calculated on the full sum paid for the leasehold and the furniture.
590 ## - LOCAL NOTE (RLIN)
Local note ABS
650 ## - SUBJECT ADDED ENTRY--TOPICAL TERM
Topical term or geographic name entry element AYLESFORD AND CO (ESTATE AGENTS) LTD V AL-HABTOOR
650 ## - SUBJECT ADDED ENTRY--TOPICAL TERM
Topical term or geographic name entry element AGENTS FEES
650 ## - SUBJECT ADDED ENTRY--TOPICAL TERM
Topical term or geographic name entry element TERMS OF APPOINTMENT
650 ## - SUBJECT ADDED ENTRY--TOPICAL TERM
Topical term or geographic name entry element AGENCY AGREEMENTS
650 ## - SUBJECT ADDED ENTRY--TOPICAL TERM
Topical term or geographic name entry element ESTATE AGENTS ACT 1979
690 ## - LOCAL SUBJECT ADDED ENTRY--TOPICAL TERM (OCLC, RLIN)
Topical term or geographic name as entry element PROPERTY AND LAND LAW-AGENCY-RESIDENTIAL-CASE LAW
942 ## - ADDED ENTRY ELEMENTS (KOHA)
Suppress in OPAC 0
Holdings
Withdrawn status Lost status Source of classification or shelving scheme Damaged status Not for loan Home library Current library Shelving location Date acquired Total Checkouts Full call number Barcode Date last seen Copy number Price effective from Koha item type
    Dewey Decimal Classification     London London Journal article 18/12/2003   ABS67371 124645-1001 06/08/2019 1 06/08/2019 Law report